Bibliography of bibliographies of East Asian Studies in Japan. Ed. by Kimpei Goto. (Record no. 1033189)

MARC details
000 -LEADER
fixed length control field 00768nam a2200253Ia 4500
003 - CONTROL NUMBER IDENTIFIER
control field OSt
005 - DATE AND TIME OF LATEST TRANSACTION
control field 20221005115022.0
008 - FIXED-LENGTH DATA ELEMENTS--GENERAL INFORMATION
fixed length control field 221004b |||||||| |||| 00| 0 eng d
037 ## - SOURCE OF ACQUISITION
Terms of availability Textual
040 ## - CATALOGING SOURCE
Original cataloging agency CRL
Transcribing agency CRL
Language of cataloging eng
041 ## - LANGUAGE CODE
Source of code eng
Language code of text/sound track or separate title eng
100 ## - MAIN ENTRY--PERSONAL NAME
Personal name Goto Kimpei Ed.
9 (RLIN) 626992
110 ## - MAIN ENTRY--CORPORATE NAME
Corporate name or jurisdiction name as entry element Centre for east asian cultural studies. (Tokyo)
9 (RLIN) 626993
245 #0 - TITLE STATEMENT
Title Bibliography of bibliographies of East Asian Studies in Japan. Ed. by Kimpei Goto.
260 ## - PUBLICATION, DISTRIBUTION, ETC.
Date of publication, distribution, etc. 1964
490 ## - SERIES STATEMENT
Series statement Its Bibliography, 3
700 ## - ADDED ENTRY--PERSONAL NAME
Personal name Centre for east asian cultural studies. (Tokyo)
9 (RLIN) 626994
942 ## - ADDED ENTRY ELEMENTS (KOHA)
Classification part z49Ba, K4
Koha item type Textual
Source of classification or shelving scheme
Holdings
Withdrawn status Lost status Damaged status Not for loan Home library Current library Date acquired Total Checkouts Full call number Barcode Date last seen Price effective from Koha item type
        Central Library Central Library 2022-10-05   z49Ba K4 CL0374223 2022-10-05 2022-10-05 Textual
Copyright @ Delhi University Library System